000 00696nam a2200193Ia 4500
003 GCL
008 140319s9999 xx 000 0 ara d
040 _aGCL /
_cGCL
082 0 4 _aم
_b347
_bح م
100 1 _aحسن صادق المرصفاوى
245 1 0 _aالمرصفاوى فى قانون الاجراءات الجنائية /
_cحسن صادق المرصفاوى
260 _a[S.N] :
_bمكتبه النهضه المصريه ،
_c1990
300 _a1910 ص
490 _aمقالات وابحاث احمد محمد شاكر
_v0
650 0 4 _aالقانون الجنائى
650 0 4 _aالقانون
650 0 4 _aقانون الاجراءات الجنائية
942 _2ddc
_cREF
999 _c59270
_d59270